| 000 | 01493cam a22002175a 4500 | ||
|---|---|---|---|
| 001 | L137656 | ||
| 008 | 070424s2007 xxk f f000 0 eng d | ||
| 020 | _a9780102944662 | ||
| 035 | _a(Sirsi) u137656 | ||
| 041 | 0 | _aeng | |
| 050 | 0 | 4 | _a333.72 $2 18 |
| 110 | 1 |
_aUnited Kingdom _bNational Audit Office _91350 |
|
| 245 | 0 | 0 |
_aBuilding for the future _bsustainable construction and refurbishment on the government estate _breport by the comptroller and auditor general _bHC 324 session 2006-2007 _h[electronic resource] |
| 260 |
_aLondon _bTSO _c2007 |
||
| 520 | _aLooks at how successfully departments and executive agencies are meeting sustainability targets for their new buildings and major refurbishments. Whilst most departments have started to see sustainability as an issue, in 2005-06 only 35% of new builds and 18% of major refurbishment projects had carried out or planned to carry out environmental assessments. In addition, out of a sample of projects that had not been assessed, 80% would not have met the required assessment standards. A key issue for departments is reconciling sustainability and value for money. The report concludes by illustrating how sustainable buildings can deliver real benefits and making detailed recommendations. | ||
| 590 | _aKA NTK | ||
| 651 | 4 |
_aUnited Kingdom _y |
|
| 690 | _aBUILT ENVIRONMENT-SUSTAINABLE CONSTRUCTION | ||
| 856 | 4 | 8 |
_uhttps://www.nao.org.uk/pn/06-07/0607324.htm _zView the report free of charge at www.nao.org.uk... |
| 942 | _n0 | ||
| 999 |
_c106865 _d106865 |
||